Statistics for Guess the Song By One Line Of The Song

Click here to take the quiz!

General Stats

  • This quiz has been taken 94 times
  • The average score is 6 of 18

Answer Stats

DifficultyHintAnswer% Correct
EasyOnce I was seven years oldSeven Years
81%
HardWell, you only need the light when it's burning lowLet Her go
55%
MediumI must have callen a thousand timesHello
54%
HardShe is always right there when I need herCheerleader
49%
EasyRunaway but we're running in circlesCircles
49%
MediumCheers to the ones here todayMemories
45%
MediumI see you drivin' round town with the girl I loveForget You
42%
EasyWhen our momma sang us to sleepStressed Out
41%
MediumLights will guide you homeFix You
32%
HardA little sympathy, I hope you can show meLet Me Down Slowly
28%
Mediumknow the water's sweer but blood is thinckerHey Brother
24%
HardI could have another but I probably should notHoney, I'm Good
19%
HardThink of me in the depths of your despairRolling in the deep
19%
HardYou make me wanna roll my windows down and cruiseCruise
18%
EasyLoving you so, so, so, soDon't Wanna Know
17%
MediumAtlantis, Under the sea, Under the seaFaded
17%
EasyWait, can you turn around?Wait
10%
EasyTrippin' on skies, sippin' waterfallsMy Youth
8%

Score Distribution

Percentile by Number Answered

Percent of People with Each Score

Your Score History

You have not taken this quiz